书目信息 |
| 题名: |
以案施教 警钟长鸣
|
|
| 作者: | ;中央纪委宣传教育室 编 | |
| 分册: | ||
| 出版信息: | 北京 中国方正出版社 2000 |
|
| 页数: | 120页 | |
| 开本: | 20cm | |
| 丛书名: | ||
| 单 册: | ||
| 中图分类: | D262.6 | |
| 科图分类: | ||
| 主题词: | 中国共产党--廉政建设--学习参考资料 | |
| 电子资源: | ||
| ISBN: | 7-80107-411-4 | |
| 000 | 00749nam0 2200193 450 | |
| 001 | 0738965861 | |
| 005 | 20070718174914.98 | |
| 010 | @a7-80107-411-4@dCNY5.80 | |
| 100 | @a20070708d2000 km y0chiy0120 ea | |
| 101 | 0 | @achi |
| 200 | 1 | @a以案施教 警钟长鸣@Ayi an shi jiao jing zhong chang ming@e胡长青案件警示教育材料@f中央纪委宣传教育室等编@Fzhong yang ji wei xuan chuan jiao yu shi deng bian |
| 210 | @a北京@c中国方正出版社@d2000 | |
| 215 | @a120页@d20cm | |
| 517 | 1 | @a胡长青案件警示教育材料@Ahu chang qing an jian jing shi jiao yu cai liao |
| 606 | 0 | @a中国共产党@x廉政建设@x学习参考资料 |
| 690 | @aD262.6@v3 | |
| 711 | 02 | @a中央纪委宣传教育室@Azhong yang ji wei xuan chuan jiao yu shi@4编 |
| 801 | 0 | @aCN@bPFT@c20070718 |
| 905 | @a10447@dD262.6@e183 | |
| 以案施教 警钟长鸣:胡长青案件警示教育材料/中央纪委宣传教育室等编.-北京:中国方正出版社,2000 |
| 120页;20cm |
| ISBN 7-80107-411-4:CNY5.80 |
| ● |
| 相关链接 |
|
|
|
|
正题名:以案施教 警钟长鸣
索取号:D262.6/183
 
预约/预借
| 序号 | 登录号 | 条形码 | 馆藏地/架位号 | 状态 | 备注 |
| 1 | 0766025 | 207660253 | 第一样本阅览室/ [索取号:D262.6/183] | 在馆 | |
| 2 | 0769253 | 207692530 | 密集书库/ [索取号:D262.6/183] | 在馆 | |
| 3 | 0770538 | 207705385 | 密集书库/ [索取号:D262.6/183] | 在馆 |